000 00752nam a2200253 i 4500
001 C2-0330345
003 PPAK
005 20180728131102.0
008 150414s2015 my a|||| ||||| | eng d
040 _aPPAK
_beng
_cPPAK
_erda
082 0 4 _a629.1305
_223
090 0 0 _a629.1305
_bMAL
_dR
110 2 _aMalaysian Foresight Institute
245 0 0 _aAdvancing Malaysian aerospace industry
250 _a01/2015
264 1 _aCyberjaya, Selangor :
_bMyForesight ,
_c2015
300 _a59 pages :
_bcolour illustrations ;
_c27 cm
336 _2rdacontent
_atext
337 _2rdamedia
_aunmediated
338 _2rdacarrier
_avolume
650 1 0 _aAeronautics - Periodicals.
710 2 _aMalaysian Foresight Institute
_eorganizer
942 _ddc
_cB
999 _c129315
_d129315